000 00517nam a2200169Ia 4500
008 090711s9999 xx 000 0 und d
082 _b27572
100 _aपोतदार एकनाथ के.
245 _aयुनो
260 _bकॉन्टीनेन्टल प्रकाशन
_c1969
300 _a60
600 _aपोतदार एकनाथ के.
630 _aयुनो
700 _aपोतदार एकनाथ के.
730 _aयुनो
942 _cBOOK
999 _c292318
_d292318